Les 20 plus grandes villes de l'Allier sur une carte - Statistiques

Statistiques générales
  • Ce quiz a été pris 90 fois
  • Le résultat moyen est 11 sur 20
Réponses sur la Carte
Les réponses sont colorées sur une échelle allant du rouge au vert en fonction du pourcentage des utilisateurs qui les ont devinées à leur premier essai. Vous pouvez retrouver ces pourcentages ci-dessous.
 
Statistiques - réponses
Commune Population % Correct
Moulins 19 344
100%
Vichy 25 702
100%
Montluçon 33 317
98%
Yzeure 12 670
80%
Cusset 13 329
78%
Saint-Pourçain-sur-Sioule 4 894
74%
Gannat 5 684
65%
Bellerive-sur-Allier 8 898
61%
Domérat 8 665
59%
Lapalisse 3 127
53%
Commentry 6 018
50%
Dompierre-sur-Besbre 2 970
48%
Varennes-sur-Allier 3 588
45%
Avermes 4 109
36%
Saint-Yorre 2 618
35%
Désertines 4 323
30%
Abrest 2 927
26%
Creuzier-le-Vieux 3 246
26%
Saint-Germain-des-Fossés 3 600
26%
Huriel 2 568
23%
Aucun quiz correspondant
Distribution des résultats
% des personnes avec chaque résultat
Percentile par nombre de réponses
Votre historique - résultats
Vous n’avez pas pris ce quiz